[Event "Timbo U2400 op"]
[Site "Timbo"]
[Date "2025.02.16"]
[Round "6"]
[White "Boeck, Moacir Luis"]
[Black "Gomes, Adrian Felipe L"]
[Result "0-1"]
[WhiteElo "1900"]
[BlackElo "1730"]
[PlyCount "118"]
[EventDate "2025.02.14"]
[EventType "swiss"]
[EventRounds "6"]
[EventCountry "BRA"]
[SourceTitle "CB10_2025"]
[SourceDate "2025.03.05"]
[SourceVersion "1"]
[SourceVersionDate "2025.03.05"]
[SourceQuality "1"]

1. e4 d5 2. exd5 Nf6 3. c4 c6 4. d4 cxd5 5. cxd5 Nxd5 6. Nc3 e6 7. Nf3 a6 8. Bd3 Be7 9. 0-0 0-0 10. Re1 Nc6 11. a3 Kh8 12. Bc2 Bf6 13. Ne4 Qc7 14. Nxf6 Nxf6 15. Qd3 h6 16. Be3 Rd8 17. Qd2 Ng8 18. Bf4 Qe7 19. Qd3 Nf6 20. Rad1 b5 21. Qc3 Bb7 22. Ne5 Rac8 23. Nxc6 Rxc6 24. Qd3 Rc4 25. Be5 g6 26. Re3 Kh7 27. Rg3 Rg8 28. Bb1 Ne4 29. Re3 Nf6 30. Rh3 Ng4 31. Qd2 Qf8 32. Bf4 f5 33. f3 e5 34. dxe5 Qc5+ 35. Kf1 Rxf4 36. Rxh6+ Kxh6 37. Qxf4+ g5 38. Qd4 Qxd4 39. Rxd4 Nxe5 40. Bxf5 Nc4 41. Kf2 Rf8 42. g4 Kg7 43. Kg3 Ne3 44. Rd7+ Rf7 45. Rxf7+ Kxf7 46. f4 Nxf5+ 47. gxf5 gxf4+ 48. Kxf4 Kf6 49. Ke3 Ke5 50. f6 Bd5 51. h4 Bf7 52. Kd3 a5 53. Kc3 Kxf6 54. Kd4 a4 55. Kc5 Bc4 56. Kd4 Kg6 57. Kc3 Kh5 58. Kc2 Kxh4 59. Kb1 Kg4 0-1

[Event "Florianopolis op 10th"]
[Site "Florianopolis"]
[Date "2024.01.26"]
[Round "8"]
[White "Gomes, Adrian Felipe L"]
[Black "Dornelles, Marcio Neron Camarg"]
[Result "1/2-1/2"]
[WhiteElo "1416"]
[BlackElo "1983"]
[PlyCount "95"]
[EventDate "2024.01.20"]
[EventType "swiss"]
[EventRounds "10"]
[EventCountry "BRA"]
[SourceTitle "EXT 2025"]
[Source "ChessBase"]
[SourceDate "2024.10.14"]
[SourceVersion "1"]
[SourceVersionDate "2024.10.14"]
[SourceQuality "1"]

1. e4 e6 2. d3 d5 3. Nd2 Nf6 4. Ngf3 Be7 5. g3 0-0 6. e5 Nfd7 7. Bg2 f6 8. Qe2 Nxe5 9. Nxe5 fxe5 10. Nf3 Nc6 11. Nxe5 Nxe5 12. Qxe5 Bf6 13. Qe2 e5 14. 0-0 c6 15. c3 Bf5 16. Be3 Qd7 17. Rad1 b6 18. Qc2 Rae8 19. Qa4 Qc7 20. c4 e4 21. dxe4 Bxe4 22. cxd5 cxd5 23. Bxe4 Rxe4 24. Qb3 Qc4 25. Qa3 d4 26. Rc1 Qe6 27. Bf4 Be7 28. Qd3 Bc5 29. a3 a5 30. Bd2 h5 31. b4 axb4 32. axb4 Bd6 33. Rc6 Rd8 34. Bf4 Rxf4 35. gxf4 Qd5 36. Rxb6 Rf8 37. Rb5 Qe6 38. f5 Qf6 39. Qe4 Kh7 40. Kh1 d3 41. Qxd3 Bf4 42. Qf3 Qh4 43. Qg2 Bxh2 44. Qxh2 Qc4 45. Qxh5+ Kg8 46. Rg1 Qxb5 47. Qg6 Qb7+ 48. Kh2 1/2-1/2

[Event "Florianopolis op 10th"]
[Site "Florianopolis"]
[Date "2024.01.20"]
[Round "1"]
[White "Gomes, Adrian Felipe L"]
[Black "De Oliveira, Yuri Garcia"]
[Result "1-0"]
[WhiteElo "1416"]
[BlackElo "1997"]
[PlyCount "91"]
[EventDate "2024.01.20"]
[EventType "swiss"]
[EventRounds "10"]
[EventCountry "BRA"]
[SourceTitle "CBM 218 Extra"]
[Source "ChessBase"]
[SourceDate "2024.03.31"]
[SourceVersion "1"]
[SourceVersionDate "2024.03.31"]
[SourceQuality "1"]

1. c4 c5 2. Nc3 Nc6 3. Nf3 g6 4. g3 Bg7 5. Bg2 d6 6. 0-0 Bf5 7. e3 Bd3 8. Re1 Bxc4 9. Qa4 Be6 10. Ng5 Bd7 11. Qb3 e6 12. Nge4 Qb8 13. Qxb7 Ke7 14. Nxc5 Qxb7 15. Nxb7 Rb8 16. Bxc6 Bxc6 17. Na5 Ba8 18. b3 h5 19. Nc4 Nf6 20. Ba3 Ne8 21. Rac1 h4 22. Ne2 Kd7 23. Rc2 hxg3 24. Nxg3 Bf8 25. d3 f5 26. e4 Be7 27. exf5 gxf5 28. Rce2 f4 29. Rxe6 Bf6 30. Bxd6 fxg3 31. Bxb8 Rxh2 32. fxg3 Rh1+ 33. Kf2 Bd4+ 34. R1e3 Rh2+ 35. Kf1 Bxe3 36. Rxe3 Rxa2 37. Re2 Ra1+ 38. Kf2 Nf6 39. Ke3 Nd5+ 40. Kd4 Nb4 41. Bd6 Nc6+ 42. Kc3 Rc1+ 43. Rc2 Rxc2+ 44. Kxc2 Nd4+ 45. Kd2 Bf3 46. Bc5 1-0

[Event "Timbo op 3rd"]
[Site "Timbo"]
[Date "2023.11.04"]
[Round "3"]
[White "Gomes, Adrian Felipe L"]
[Black "Bashtavenko, Aleksey Stanislavov"]
[Result "1-0"]
[WhiteElo "1384"]
[BlackElo "1575"]
[PlyCount "46"]
[EventDate "2023.11.03"]
[EventType "swiss"]
[EventRounds "6"]
[EventCountry "BRA"]
[SourceTitle "CBM 217 Extra"]
[Source "ChessBase"]
[SourceDate "2024.01.31"]
[SourceVersion "1"]
[SourceVersionDate "2024.01.31"]
[SourceQuality "1"]

1. c4 c6 2. d4 d5 3. cxd5 cxd5 4. Nc3 Nf6 5. Nf3 Nc6 6. Bf4 a6 7. e3 Bg4 8. Be2 e6 9. 0-0 Bd6 10. Bg3 Bxg3 11. fxg3 0-0 12. Rc1 Rc8 13. Qd2 b5 14. a3 Qd6 15. b4 Rc7 16. Bxb5 Ne4 17. Nxe4 dxe4 18. Bxc6 Bxf3 19. gxf3 Rxc6 20. fxe4 Rfc8 21. Rxc6 Qxc6 22. Qd3 Qa4 23. Kg2 Rc2+ 1-0

[Event "Timbo op 3rd"]
[Site "Timbo"]
[Date "2023.11.04"]
[Round "4"]
[White "Moyses Sobrinho, Elias"]
[Black "Gomes, Adrian Felipe L"]
[Result "1-0"]
[WhiteElo "1832"]
[BlackElo "1384"]
[PlyCount "41"]
[EventDate "2023.11.03"]
[EventType "swiss"]
[EventRounds "6"]
[EventCountry "BRA"]
[SourceTitle "CBM 217 Extra"]
[Source "ChessBase"]
[SourceDate "2024.01.31"]
[SourceVersion "1"]
[SourceVersionDate "2024.01.31"]
[SourceQuality "1"]

1. d4 Nf6 2. c4 g6 3. Nc3 Bg7 4. e4 d6 5. Nf3 0-0 6. Be2 e5 7. dxe5 dxe5 8. Qxd8 Rxd8 9. Bg5 Re8 10. Nd5 Nxd5 11. cxd5 Bg4 12. h3 Bxf3 13. gxf3 Nd7 14. Bb5 Red8 15. Bxd8 Rxd8 16. Bxd7 Rxd7 17. Ke2 Bh6 18. Rhd1 Rd6 19. Rd3 Bf8 20. Rad1 Rb6 21. b3 1-0

[Event "Catarinense-ch U20"]
[Site "Rio Negrinho"]
[Date "2023.03.24"]
[Round "1"]
[White "Schena, Arthur"]
[Black "Gomes, Adrian Felipe L"]
[Result "1-0"]
[WhiteElo "1883"]
[BlackElo "1349"]
[PlyCount "45"]
[EventDate "2023.03.24"]
[EventType "swiss"]
[EventRounds "6"]
[EventCountry "BRA"]
[SourceTitle "CBM 213 Extra"]
[Source "ChessBase"]
[SourceDate "2023.05.31"]
[SourceVersion "1"]
[SourceVersionDate "2023.05.31"]
[SourceQuality "1"]

1. d4 d5 2. c4 e6 3. Nc3 Nf6 4. cxd5 Nxd5 5. e4 Nxc3 6. bxc3 Be7 7. Nf3 b6 8. Bd3 0-0 9. 0-0 Bb7 10. Qe2 Nd7 11. Rd1 Kh8 12. c4 Bf6 13. e5 Be7 14. Be4 Qc8 15. Bb2 c6 16. Rac1 Bb4 17. Ng5 Be7 18. Qh5 h6 19. Nxf7+ Rxf7 20. Qxf7 Bg5 21. Rc3 Nf8 22. Ba3 Qd7 23. Rf3 1-0